=LDR 00000nam 2200000 4500 =001 INLIS000000000019863 =005 20130612114858 =008 ***********************************Ind** =035 ##$$0010-061300000019863 =041 ##$$a Ind =082 ##$$a 828.83 =090 ##$$a 828.83, Daw f =100 ##$$a Dawson, A.J =245 ##$$a Finn the wolfhound, A.J Dawsom =260 ##$$a 1908 $b London =300 ##$$a 251 hlm, 31 cm =650 ##$$a Kesusastraan Inggris-Penulisan =850 ##$$a NBPNMAT